[Event "Landesklasse West 2012/2013"]
[Site "?"]
[Date "2012.11.04"]
[Round "2"]
[White "Koch, Stefan"]
[Black "Klein, Matthias"]
[Result "1/2-1/2"]
[WhiteElo "1868"]
[BlackElo "1757"]
[PlyCount "42"]
[EventDate "2012.??.??"]
[WhiteTeam "SC Suhl"]
[BlackTeam "SV Schmalkalden 04"]

1. e4 g6 2. d4 Bg7 3. c3 d6 4. Bd3 Nf6 5. Ne2 O-O 6. O-O e5 7. Bg5 h6 8. Bd2
Re8 9. f3 c6 10. Na3 b5 11. Nc2 a6 12. Ng3 c5 13. dxe5 dxe5 14. Be3 c4 15. Be2
Nc6 16. Qe1 Be6 17. Qf2 Qe7 18. Bc5 Qb7 19. Rfd1 Rad8 20. Bb6 Rxd1+ 21. Rxd1
Nd7 1/2-1/2

[Event "Landesklasse West 2012/2013"]
[Site "?"]
[Date "2012.11.04"]
[Round "2"]
[White "Burkhardt, Christian"]
[Black "Fuhrmann, Christian"]
[Result "1/2-1/2"]
[WhiteElo "1717"]
[BlackElo "1797"]
[PlyCount "26"]
[EventDate "2012.??.??"]
[WhiteTeam "SV Schmalkalden 04"]
[BlackTeam "SC Suhl"]

1. d4 Nf6 2. c4 e6 3. Nf3 d5 4. Bg5 c6 5. e3 Nbd7 6. Nc3 Be7 7. Rc1 h6 8. Bh4
O-O 9. Bd3 Re8 10. O-O dxc4 11. Bxc4 Nd5 12. Bg3 N7f6 13. Ne5 Nxc3 1/2-1/2

[Event "Landesklasse West 2012/2013"]
[Site "?"]
[Date "2012.11.04"]
[Round "2"]
[White "Will, Ralph"]
[Black "Weigend, Joachim"]
[Result "0-1"]
[WhiteElo "1747"]
[BlackElo "1777"]
[PlyCount "70"]
[EventDate "2012.??.??"]
[WhiteTeam "SC Suhl"]
[BlackTeam "SV Schmalkalden 04"]

1. d4 d5 2. c4 e6 3. Nf3 Nf6 4. g3 Be7 5. Bg2 O-O 6. cxd5 exd5 7. O-O Nbd7 8.
Nc3 c6 9. a3 Bd6 10. Bg5 h6 11. Bxf6 Nxf6 12. Qc2 Re8 13. Nd2 Bb8 14. b4 a6 15.
Rfe1 Qb6 16. Nb3 g6 17. e4 dxe4 18. Nxe4 Nd5 19. Qd2 Kg7 20. Nbc5 Bf5 21. Nc3
Rxe1+ 22. Rxe1 a5 23. Nxd5 cxd5 24. Bxd5 axb4 25. axb4 Bd6 26. Qb2 Kh7 27. Bxf7
Rc8 28. Qb3 Qb5 29. Bd5 b6 30. Bc4 Qc6 31. Be6 bxc5 32. Bxc8 c4 33. Qa3 Bxc8
34. Qa7+ Bb7 35. Re6 Qg2# 0-1

[Event "Landesklasse West 2012/2013"]
[Site "?"]
[Date "2012.11.04"]
[Round "2"]
[White "Himmel, Matthias"]
[Black "Müller, Bernd"]
[Result "1/2-1/2"]
[WhiteElo "1574"]
[BlackElo "1720"]
[PlyCount "27"]
[EventDate "2012.??.??"]
[WhiteTeam "SV Schmalkalden 04"]
[BlackTeam "SC Suhl"]

1. d4 f5 2. Nc3 Nf6 3. Bg5 e6 4. e4 fxe4 5. Nxe4 Be7 6. Ng3 O-O 7. Bd3 Qe8 8.
Nf3 b6 9. O-O Bb7 10. Qe2 Nc6 11. c3 Nd8 12. Ne5 Rc8 13. Rad1 d6 14. Ng4
1/2-1/2

[Event "Landesklasse West 2012/2013"]
[Site "?"]
[Date "2012.11.04"]
[Round "2"]
[White "v.d. Weth-v. Nordheim, Petra"]
[Black "Krannich, Volkmar"]
[Result "1/2-1/2"]
[WhiteElo "1855"]
[BlackElo "1498"]
[PlyCount "81"]
[EventDate "2012.??.??"]
[WhiteTeam "SC Suhl"]
[BlackTeam "SV Schmalkalden 04"]

1. d4 d5 2. e3 Nf6 3. Bd3 e6 4. Nd2 c5 5. c3 Nc6 6. f4 cxd4 7. exd4 Bd6 8. Nh3
O-O 9. O-O a6 10. a4 Qc7 11. Qe2 Bd7 12. Nf3 h6 13. Ne5 Ne7 14. g4 Ne8 15. Bd2
Rb8 16. Kh1 b5 17. Nxd7 Qxd7 18. axb5 axb5 19. b4 Nc7 20. Ra7 Nc8 21. Ra5 Nb6
22. g5 f5 23. gxh6 gxh6 24. Qh5 Rf6 25. Rg1+ Kf8 26. Rg6 Rxg6 27. Qxg6 Qg7 28.
Qxg7+ Kxg7 29. Bxb5 Nxb5 30. Rxb5 Nc4 31. Rxb8 Bxb8 32. Be1 Kg6 33. Kg2 Bd6 34.
Kf3 Be7 35. Nf2 Bh4 36. Nd3 Bxe1 37. Nxe1 Nd2+ 38. Ke3 Nc4+ 39. Kf2 Nd2 40. Nd3
Ne4+ 41. Ke3 1/2-1/2

[Event "Landesklasse West 2012/2013"]
[Site "?"]
[Date "2012.11.04"]
[Round "2"]
[White "Lehmann, Peter"]
[Black "Geißhirt, Marco"]
[Result "1-0"]
[WhiteElo "1885"]
[BlackElo "1882"]
[PlyCount "63"]
[EventDate "2012.??.??"]
[WhiteTeam "ESV Lok Meiningen"]
[BlackTeam "SG Barchfeld/Breitungen"]

1. d4 d5 2. Nf3 c6 3. c3 f5 4. Bf4 Nf6 5. Nbd2 h6 6. h4 e6 7. Ne5 Bd6 8. Ng6
Rg8 9. Be5 b6 10. e3 Qc7 11. Be2 Nbd7 12. f4 Bb7 13. g4 Ne4 14. Nxe4 fxe4 15.
g5 Nf8 16. Bh5 O-O-O 17. Qg4 Qd7 18. gxh6 Nxg6 19. Bxd6 Qxd6 20. Bxg6 gxh6 21.
Qh5 Rd7 22. Qxh6 e5 23. h5 exd4 24. exd4 Rf8 25. Qg5 Qxf4 26. Qxf4 Rxf4 27. h6
Rd8 28. h7 Rh8 29. O-O-O Kd8 30. Rdf1 Rg4 31. Bf5 Rg7 32. Rfg1 1-0

[Event "Landesklasse West 2012/2013"]
[Site "?"]
[Date "2012.11.04"]
[Round "2"]
[White "Kaiser, Andre"]
[Black "Grube, Jan"]
[Result "0-1"]
[WhiteElo "1841"]
[BlackElo "1791"]
[PlyCount "34"]
[EventDate "2012.??.??"]
[WhiteTeam "SG Barchfeld/Breitungen"]
[BlackTeam "ESV Lok Meiningen"]

1. Nf3 c5 2. e4 g6 3. d4 Bg7 4. c3 b6 5. dxc5 bxc5 6. Bd3 d6 7. O-O Nf6 8. h3
Nfd7 9. Bf4 O-O 10. Nbd2 Bb7 11. a4 Nc6 12. Nc4 Nb6 13. Qe2 Nxc4 14. Bxc4 Na5
15. Bd5 Rb8 16. Nd2 Bxd5 17. exd5 Rxb2 0-1

[Event "Landesklasse West 2012/2013"]
[Site "?"]
[Date "2012.11.04"]
[Round "2"]
[White "Von Otte, Wilhelm"]
[Black "Rommel, Uwe"]
[Result "0-1"]
[WhiteElo "1894"]
[BlackElo "1875"]
[PlyCount "150"]
[EventDate "2012.??.??"]
[WhiteTeam "ESV Lok Meiningen"]
[BlackTeam "SG Barchfeld/Breitungen"]

1. e4 d5 2. exd5 Nf6 3. Bb5+ Bd7 4. Bc4 b5 5. Bb3 Bg4 6. f3 Bf5 7. Qe2 Qd7 8.
Nc3 a6 9. d4 c6 10. dxc6 Nxc6 11. d5 Nd4 12. Qe5 Nxc2+ 13. Bxc2 Bxc2 14. Bf4 b4
15. Ne4 Nxd5 16. Ne2 f6 17. Qh5+ g6 18. Qh4 Bxe4 19. fxe4 Nxf4 20. Nxf4 Bg7 21.
Rd1 Qa7 22. Qf2 Kf7 23. O-O Qxf2+ 24. Rxf2 Bh6 25. g3 Bxf4 26. gxf4 Rhd8 27.
Rfd2 Rxd2 28. Rxd2 Rc8 29. Kf2 Rc4 30. Ke3 f5 31. exf5 gxf5 32. Kf3 Ke6 33.
Re2+ Kf6 34. Rd2 a5 35. Ke3 a4 36. Rf2 e5 37. fxe5+ Kxe5 38. Kd3 Rd4+ 39. Ke2
f4 40. Kf3 Kf5 41. Rc2 Rd3+ 42. Ke2 Rh3 43. Kf1 b3 44. axb3 axb3 45. Rd2 h5 46.
Kg1 Re3 47. Kf2 h4 48. Rd8 Ke4 49. Rb8 Rd3 50. Rb4+ Kf5 51. Ke2 Rh3 52. Kf1 Kg4
53. Rb8 Re3 54. Kf2 Rh3 55. Kf1 Kf5 56. Rb5+ Ke4 57. Rb4+ Kd5 58. Rxf4 Rxh2 59.
Ke1 h3 60. Rf3 Rh1+ 61. Kf2 h2 62. Kg2 Rb1 63. Kxh2 Rxb2+ 64. Kg1 Kc4 65. Rf4+
Kc3 66. Rf3+ Kb4 67. Rf4+ Ka3 68. Rf8 Re2 69. Kf1 Re7 70. Ra8+ Kb2 71. Rb8 Kc2
72. Rc8+ Kb1 73. Rb8 b2 74. Rc8 Ra7 75. Ke2 Ka1 0-1

[Event "Landesklasse West 2012/2013"]
[Site "?"]
[Date "2012.11.04"]
[Round "2"]
[White "Reum, Lutz"]
[Black "Scheftlein, Richard"]
[Result "0-1"]
[WhiteElo "1855"]
[BlackElo "1832"]
[PlyCount "78"]
[EventDate "2012.??.??"]
[WhiteTeam "SG Barchfeld/Breitungen"]
[BlackTeam "ESV Lok Meiningen"]

1. d4 Nf6 2. Nf3 d5 3. e3 e6 4. Nbd2 c5 5. c3 Nc6 6. Bd3 Be7 7. O-O O-O 8. Qe2
b6 9. dxc5 Bxc5 10. e4 Bb7 11. e5 Nd7 12. Nb3 Be7 13. Bf4 Re8 14. Rfe1 a6 15.
Nbd4 b5 16. Nxc6 Bxc6 17. Qd2 Nf8 18. Bg5 f5 19. exf6 gxf6 20. Nd4 Bd7 21. Bh6
e5 22. Nf5 e4 23. Nxe7+ Rxe7 24. Bc2 Be6 25. Rad1 Rd7 26. Bxf8 Qxf8 27. Qf4
Rad8 28. Rd4 a5 29. a3 f5 30. Re3 Rg7 31. h3 Qd6 32. Qxd6 Rxd6 33. Kf1 Kf8 34.
f3 f4 35. Rexe4 dxe4 36. Rxd6 Bc4+ 37. Kg1 exf3 38. Bd3 Rxg2+ 39. Kf1 Rd2 0-1

[Event "Landesklasse West 2012/2013"]
[Site "?"]
[Date "2012.11.04"]
[Round "2"]
[White "Weiß, Daniel"]
[Black "Crivellaro, Heiko"]
[Result "0-1"]
[WhiteElo "1785"]
[BlackElo "1816"]
[PlyCount "86"]
[EventDate "2012.??.??"]
[WhiteTeam "ESV Lok Meiningen"]
[BlackTeam "SG Barchfeld/Breitungen"]

1. e4 e5 2. Nf3 Nf6 3. Nxe5 d6 4. Nf3 Nxe4 5. Nc3 Nf6 6. d4 d5 7. Bd3 h6 8. Bf4
Bg4 9. h3 Bxf3 10. Qxf3 c6 11. O-O-O Be7 12. Rde1 O-O 13. g4 Nh7 14. h4 Bxh4
15. Bxh6 gxh6 16. Kb1 Kg7 17. Qf5 Rh8 18. g5 hxg5 19. Reg1 Nf8 20. f4 Qf6 21.
Qxf6+ Kxf6 22. fxg5+ Kg7 23. Rg4 Bf2 24. Rf1 Rh4 25. Rg2 Bxd4 26. Ne2 Be5 27.
Rgf2 f6 28. Rf5 Nbd7 29. gxf6+ Kf7 30. Ng1 Rh1 31. c4 Bd4 32. Nf3 Rxf1+ 33.
Bxf1 Bxf6 34. cxd5 cxd5 35. Rxd5 Nb6 36. Rh5 Re8 37. Rc5 Re3 38. Rc7+ Nfd7 39.
Nd2 Bg5 40. Kc2 Re1 41. Bb5 Ke6 42. Rxb7 a5 43. Nf3 Rc1+ 0-1

[Event "Landesklasse West 2012/2013"]
[Site "?"]
[Date "2012.11.04"]
[Round "2"]
[White "Heß, Wolfgang"]
[Black "Jörges, Frank"]
[Result "1/2-1/2"]
[WhiteElo "1742"]
[BlackElo "1812"]
[PlyCount "75"]
[EventDate "2012.??.??"]
[WhiteTeam "SG Barchfeld/Breitungen"]
[BlackTeam "ESV Lok Meiningen"]

1. e4 d5 2. exd5 Qxd5 3. Nc3 Qd6 4. d4 Nf6 5. Nf3 a6 6. Bd3 Bg4 7. h3 Bh5 8.
Be3 e6 9. O-O Be7 10. Be2 Nc6 11. Qd2 O-O 12. Nh2 Bg6 13. a3 Rad8 14. Rad1 Ne4
15. Nxe4 Bxe4 16. c3 b5 17. b4 Nb8 18. Bf3 Bxf3 19. Nxf3 Nd7 20. Qc2 Qd5 21. a4
Nb6 22. a5 Nc4 23. Nd2 Bd6 24. Qe4 Nxd2 25. Qxd5 exd5 26. Bxd2 Rfe8 27. Rfe1 f6
28. Kf1 Kf7 29. Rxe8 Rxe8 30. Re1 Rxe1+ 31. Kxe1 h5 32. Ke2 g5 33. g4 Kg6 34.
f3 f5 35. Kd3 Bf4 36. Be1 fxg4 37. fxg4 hxg4 38. hxg4 1/2-1/2

[Event "Landesklasse West 2012/2013"]
[Site "?"]
[Date "2012.11.04"]
[Round "2"]
[White "Rosenberg, Erik"]
[Black "Abe, Rico"]
[Result "1/2-1/2"]
[WhiteElo "1519"]
[BlackElo "1709"]
[PlyCount "70"]
[EventDate "2012.??.??"]
[WhiteTeam "ESV Lok Meiningen"]
[BlackTeam "SG Barchfeld/Breitungen"]

1. d4 Nf6 2. c4 e6 3. Nf3 Bb4+ 4. Nc3 Bxc3+ 5. bxc3 c5 6. Qc2 O-O 7. Bg5 cxd4
8. cxd4 Qa5+ 9. Qd2 Qxd2+ 10. Nxd2 Ne8 11. Be7 Nc6 12. Bxf8 Nxd4 13. Bc5 Nc2+
14. Kd1 Nxa1 15. Bd4 b6 16. Bxa1 Bb7 17. e3 Rc8 18. h4 f6 19. Rg1 Nd6 20. Kc2
b5 21. Kb3 bxc4+ 22. Bxc4 Nxc4 23. Nxc4 Bd5 24. Rc1 Rc6 25. Bd4 Bxg2 26. Bxf6
d5 27. Rg1 dxc4+ 28. Kc3 gxf6 29. Rxg2+ Kf7 30. Rg4 e5 31. Rxc4 Rxc4+ 32. Kxc4
Kg6 33. Kd5 Kh5 34. Ke6 Kxh4 35. Kxf6 Kg4 1/2-1/2

[Event "Landesklasse West 2012/2013"]
[Site "?"]
[Date "2012.11.04"]
[Round "2"]
[White "Kleinsteuber, Erik"]
[Black "Webel, Jannik"]
[Result "1-0"]
[WhiteElo "1580"]
[BlackElo "1556"]
[PlyCount "87"]
[EventDate "2012.??.??"]
[WhiteTeam "SG Barchfeld/Breitungen"]
[BlackTeam "ESV Lok Meiningen"]

1. Nf3 d5 2. d4 Nf6 3. g3 c6 4. Bg2 g6 5. O-O Bg7 6. b3 O-O 7. Bb2 Re8 8. c4
Nbd7 9. e3 Ne4 10. Nc3 Ndf6 11. Qe2 e6 12. Nd2 Nxc3 13. Bxc3 b6 14. Rac1 Bb7
15. Rfd1 Qe7 16. b4 Rac8 17. c5 b5 18. Nf3 Rcd8 19. Qb2 Qc7 20. Re1 Re7 21. Re2
Rde8 22. Rce1 Bc8 23. Ne5 Nd7 24. e4 f6 25. Nxc6 Qxc6 26. exd5 Qa6 27. dxe6 Nf8
28. d5 f5 29. Bxg7 Rxg7 30. e7 Nd7 31. d6 Bb7 32. Qb3+ Kh8 33. Bd5 Bc6 34. Bf7
Rxf7 35. Qxf7 Qc8 36. Rd2 Qa8 37. f4 Be4 38. Qe6 Qc8 39. Qb3 Kg7 40. Qc3+ Kf7
41. Rc1 Qc6 42. Qa3 a6 43. Qa5 Rc8 44. Qd8 1-0

[Event "Landesklasse West 2012/2013"]
[Site "?"]
[Date "2012.11.04"]
[Round "2"]
[White "Messerschmidt, Nick"]
[Black "Gast, Rainer"]
[Result "1-0"]
[WhiteElo "1829"]
[BlackElo "1950"]
[PlyCount "59"]
[EventDate "2012.??.??"]
[WhiteTeam "SG Trusetal 92"]
[BlackTeam "SV Breitenworbis"]

1. d4 Nf6 2. c4 e6 3. Nc3 d5 4. Nf3 Be7 5. Bf4 c6 6. e3 O-O 7. Bd3 Nbd7 8. O-O
dxc4 9. Bxc4 Nd5 10. Bg3 N7f6 11. Qc2 b5 12. Nxd5 Nxd5 13. Bd3 Nb4 14. Bxh7+
Kh8 15. Qb1 g6 16. Bxg6 fxg6 17. Qxg6 Bf6 18. Ne5 Qe8 19. e4 Bg7 20. Rac1 Bb7
21. Rc5 Kg8 22. Qg4 Rd8 23. Nf3 Nd3 24. Rg5 Qf7 25. Ne5 Nxe5 26. Bxe5 Rd7 27.
Rxg7+ Qxg7 28. Bxg7 Rxg7 29. Qxe6+ Kh7 30. f4 1-0

[Event "Landesklasse West 2012/2013"]
[Site "?"]
[Date "2012.11.04"]
[Round "2"]
[White "Bötticher, Heinz-Wilfried"]
[Black "Messerschmidt, Daniel"]
[Result "1/2-1/2"]
[WhiteElo "1800"]
[BlackElo "1784"]
[PlyCount "116"]
[EventDate "2012.??.??"]
[WhiteTeam "SV Breitenworbis"]
[BlackTeam "SG Trusetal 92"]

1. d4 d5 2. c4 e6 3. Nc3 Nf6 4. Bg5 Be7 5. cxd5 exd5 6. e3 O-O 7. Bd3 c6 8. Qc2
h6 9. Bh4 Re8 10. Nf3 Nbd7 11. O-O Ne4 12. Bxe4 dxe4 13. Qxe4 g5 14. Bg3 Bd6
15. Qc2 Bxg3 16. hxg3 Qf6 17. d5 Ne5 18. Nxe5 Qxe5 19. dxc6 bxc6 20. Qa4 Rb8
21. Qxc6 Rxb2 22. Nd5 Kg7 23. Qc3 Bf5 24. Rfc1 Qxc3 25. Rxc3 Be6 26. Nc7 Re7
27. Nxe6+ Rxe6 28. Ra3 a6 29. Rf1 Rc6 30. Ra5 Kf8 31. a3 Ra2 32. Ra4 f6 33. Ra5
Ke7 34. Rb1 Ke6 35. Rd1 Rb6 36. Rc1 Rd6 37. Rb1 Rc6 38. Ra4 Kf5 39. g4+ Kg6 40.
Ra5 h5 41. gxh5+ Kxh5 42. Rf1 Kh4 43. Kh2 Kg4 44. f3+ Kh5 45. Kg3 Kg6 46. Rf2
Ra1 47. e4 Rc3 48. Rxa6 Rcxa3 49. Rxa3 Rxa3 50. Rb2 Ra6 51. Kg4 Rc6 52. Rb5 Ra6
53. g3 Re6 54. Rb7 Re5 55. Rb6 Re7 56. Rb4 Re5 57. f4 gxf4 58. gxf4 Rxe4
1/2-1/2

[Event "Landesklasse West 2012/2013"]
[Site "?"]
[Date "2012.11.04"]
[Round "2"]
[White "Willner, Holger"]
[Black "Hermann, Ingo"]
[Result "1-0"]
[WhiteElo "1838"]
[BlackElo "1835"]
[PlyCount "53"]
[EventDate "2012.??.??"]
[WhiteTeam "SG Trusetal 92"]
[BlackTeam "SV Breitenworbis"]

1. e4 e6 2. f4 d5 3. e5 c5 4. Nf3 Nc6 5. c3 Nge7 6. Na3 Nf5 7. Nc2 Be7 8. g3
Bd7 9. d4 cxd4 10. Ncxd4 Nfxd4 11. cxd4 Qb6 12. a3 Rc8 13. Be2 Na5 14. b4 Nc4
15. O-O a5 16. bxa5 Qxa5 17. g4 O-O 18. Bd3 Ba4 19. Qe2 Rc7 20. f5 Qc3 21. Rb1
exf5 22. gxf5 Bxa3 23. f6 g6 24. Bxc4 Rxc4 25. Bd2 Qc2 26. Qe3 Re8 27. Qxa3 1-0

[Event "Landesklasse West 2012/2013"]
[Site "?"]
[Date "2012.11.04"]
[Round "2"]
[White "Leibeling, Lucian"]
[Black "Schley, Thomas"]
[Result "1/2-1/2"]
[WhiteElo "1851"]
[BlackElo "1720"]
[PlyCount "82"]
[EventDate "2012.??.??"]
[WhiteTeam "SV Breitenworbis"]
[BlackTeam "SG Trusetal 92"]

1. c4 c5 2. Nc3 Nc6 3. d3 Nf6 4. e4 d6 5. g3 g6 6. Bg2 Bg7 7. Nge2 e5 8. O-O
O-O 9. h3 Ne8 10. Kh2 f5 11. f4 Rb8 12. Rb1 Nc7 13. Be3 Be6 14. Qd2 Qd7 15. Rf2
b5 16. b3 fxe4 17. Nxe4 bxc4 18. dxc4 Nd4 19. Rbf1 Nf5 20. fxe5 Nxe3 21. Qxe3
Bxe5 22. Rxf8+ Rxf8 23. Rxf8+ Kxf8 24. Nxc5 Qe7 25. Nxe6+ Nxe6 26. Qf3+ Kg7 27.
Qb7 Qxb7 28. Bxb7 Kf6 29. b4 g5 30. a4 Nd4 31. Nxd4 Bxd4 32. Be4 h6 33. Kg2 Ke5
34. Kf3 h5 35. Bd5 Bc3 36. b5 h4 37. gxh4 gxh4 38. Kg4 Be1 39. a5 Bxa5 40. Kxh4
Kf6 41. Kg4 Bd2 1/2-1/2

[Event "Landesklasse West 2012/2013"]
[Site "?"]
[Date "2012.11.04"]
[Round "2"]
[White "Zentgraf, Torsten"]
[Black "Eipel, Andreas"]
[Result "1-0"]
[WhiteElo "1671"]
[BlackElo "1717"]
[PlyCount "79"]
[EventDate "2012.??.??"]
[WhiteTeam "SG Trusetal 92"]
[BlackTeam "SV Breitenworbis"]

1. Nf3 d5 2. d4 Bf5 3. e3 e6 4. c4 c6 5. Nc3 Nd7 6. Be2 dxc4 7. Bxc4 Ngf6 8.
O-O Bd6 9. Bd3 Bg4 10. h3 Bh5 11. e4 e5 12. d5 cxd5 13. exd5 O-O 14. g4 Bg6 15.
Bxg6 hxg6 16. g5 Nh5 17. Ne4 Nc5 18. Nxc5 Bxc5 19. Nxe5 Re8 20. Ng4 Qd6 21. Qf3
Rad8 22. Be3 Qxd5 23. Qxd5 Rxd5 24. Rad1 Red8 25. Rxd5 Rxd5 26. Bxc5 Rxc5 27.
h4 Rc4 28. f3 Rc2 29. b4 Nf4 30. a4 Ng2 31. Rd1 Nxh4 32. Rd8+ Kh7 33. Ne5 Rc1+
34. Kf2 Rc2+ 35. Kg1 Rc7 36. Rf8 Rc1+ 37. Kh2 f6 38. Nf7 Nxf3+ 39. Kg3 Rg1+ 40.
Kxf3 1-0

[Event "Landesklasse West 2012/2013"]
[Site "?"]
[Date "2012.11.04"]
[Round "2"]
[White "Petiko, Nikolai"]
[Black "Voigt, Uwe"]
[Result "1-0"]
[WhiteElo "1944"]
[BlackElo "1514"]
[PlyCount "73"]
[EventDate "2012.??.??"]
[WhiteTeam "SV Breitenworbis"]
[BlackTeam "SG Trusetal 92"]

1. e4 e5 2. Nc3 Nc6 3. Bc4 Nf6 4. d3 Be7 5. f4 exf4 6. Bxf4 O-O 7. Nf3 Na5 8.
Bb3 Nxb3 9. axb3 d6 10. O-O Bg4 11. h3 Bxf3 12. Qxf3 Nd7 13. Nd5 Nb6 14. Ne3
Bf6 15. c3 Bg5 16. Nf5 Bxf4 17. Qxf4 Qf6 18. Qg4 Kh8 19. Nd4 Qg6 20. Qxg6 hxg6
21. Nb5 c6 22. Nxd6 Kg8 23. Nxb7 Nd7 24. b4 f6 25. Ra6 Rfb8 26. Na5 c5 27. Rd6
Ne5 28. bxc5 Rxb2 29. d4 Nd3 30. c6 Rc2 31. c7 Rxc3 32. Rd8+ Kh7 33. Rxa8 Rxc7
34. Rf3 Ne1 35. Re3 Nc2 36. Rd3 Re7 37. d5 1-0

[Event "Landesklasse West 2012/2013"]
[Site "?"]
[Date "2012.11.04"]
[Round "2"]
[White "Wenzel, Erhard"]
[Black "Biel, Peter"]
[Result "1/2-1/2"]
[WhiteElo "1625"]
[BlackElo "1666"]
[PlyCount "41"]
[EventDate "2012.??.??"]
[WhiteTeam "SG Trusetal 92"]
[BlackTeam "SV Breitenworbis"]

1. d4 d5 2. c4 c6 3. Nf3 Nf6 4. Bg5 e6 5. Nc3 Be7 6. e3 O-O 7. Be2 Nbd7 8. O-O
Ne4 9. Bxe7 Qxe7 10. Qc2 f5 11. h3 Ndf6 12. Ne5 Nxc3 13. bxc3 Ne4 14. c5 Rf6
15. Kh2 Rh6 16. f3 Nf6 17. Rg1 Nd7 18. f4 Nxe5 19. fxe5 b6 20. cxb6 axb6 21. a4
1/2-1/2

[Event "Landesklasse West 2012/2013"]
[Site "?"]
[Date "2012.11.04"]
[Round "2"]
[White "Vergin, Marcel"]
[Black "Hepp, Ingolf"]
[Result "1-0"]
[WhiteElo "1569"]
[BlackElo "1477"]
[PlyCount "105"]
[EventDate "2012.??.??"]
[WhiteTeam "SV Breitenworbis"]
[BlackTeam "SG Trusetal 92"]

1. d4 e6 2. e3 Nf6 3. Bd3 b6 4. Nf3 Bb7 5. Nbd2 Be7 6. O-O O-O 7. e4 h6 8. Re1
c5 9. c3 d5 10. e5 Nh7 11. Nf1 c4 12. Bc2 Nd7 13. Bd2 Re8 14. Ne3 Bc6 15. h3
Ndf8 16. Nh2 f6 17. Nef1 fxe5 18. Rxe5 Bg5 19. Bxg5 Nxg5 20. Qg4 Nd7 21. Re3
Nf6 22. Qe2 Bd7 23. Ng3 Rc8 24. Nf3 Nxf3+ 25. Qxf3 Rf8 26. Qe2 Re8 27. Nf1 Qe7
28. Nd2 Rc7 29. Nf3 b5 30. Ne5 Bc8 31. a3 a6 32. Bg6 Rf8 33. Bc2 Re8 34. Re1
Qd6 35. Ng4 Nxg4 36. Qxg4 e5 37. Qg3 Rce7 38. Bg6 Rf8 39. Rxe5 Rxe5 40. Rxe5
Be6 41. Bc2 Qd7 42. Qe3 Rf6 43. Qg3 Qf7 44. Re3 Bd7 45. Qb8+ Qf8 46. Qxf8+ Kxf8
47. Re5 Be6 48. Bd1 Kf7 49. Bf3 Ke7 50. Bxd5 Kd6 51. Rxe6+ Kxd5 52. Rxf6 gxf6
53. f3 1-0

[Event "Landesklasse West 2012/2013"]
[Site "?"]
[Date "2012.11.04"]
[Round "2"]
[White "Kachel, Alfred"]
[Black "Rockstuhl, Reiner"]
[Result "1/2-1/2"]
[WhiteElo "1956"]
[BlackElo "1775"]
[PlyCount "24"]
[EventDate "2012.??.??"]
[WhiteTeam "Schachclub Rochade Leinefelde"]
[BlackTeam "Schachclub 1998 Gotha"]

1. d4 d5 2. Nf3 Nf6 3. c4 dxc4 4. Nc3 a6 5. a4 Nc6 6. e3 Na5 7. Ne5 Be6 8. Be2
g6 9. O-O Bg7 10. Bf3 O-O 11. Qe2 c6 12. Bd2 Nd5 1/2-1/2

[Event "Landesklasse West 2012/2013"]
[Site "?"]
[Date "2012.11.04"]
[Round "2"]
[White "Lutzkat, Ulrich"]
[Black "Ziegenfuß, Holger"]
[Result "1/2-1/2"]
[WhiteElo "2005"]
[BlackElo "1907"]
[PlyCount "39"]
[EventDate "2012.??.??"]
[WhiteTeam "Schachclub 1998 Gotha"]
[BlackTeam "Schachclub Rochade Leinefelde"]

1. e4 c5 2. Nf3 Nc6 3. Bb5 e6 4. Bxc6 bxc6 5. O-O d5 6. d3 Ne7 7. Bg5 f6 8. Bh4
Ng6 9. Nbd2 Bd6 10. Re1 Qc7 11. Nf1 O-O 12. Bg3 Nf4 13. Qd2 Rb8 14. b3 Ng6 15.
Bxd6 Qxd6 16. Qa5 Rb7 17. Qa3 e5 18. Ne3 f5 19. exf5 Bxf5 20. d4 1/2-1/2

[Event "Landesklasse West 2012/2013"]
[Site "?"]
[Date "2012.11.04"]
[Round "2"]
[White "Frank, Thomas"]
[Black "Manger, Hans-Gerald"]
[Result "1/2-1/2"]
[WhiteElo "1907"]
[BlackElo "1842"]
[PlyCount "69"]
[EventDate "2012.??.??"]
[WhiteTeam "Schachclub Rochade Leinefelde"]
[BlackTeam "Schachclub 1998 Gotha"]

1. d4 d5 2. c4 c6 3. Nc3 Nf6 4. Nf3 e6 5. Bg5 Be7 6. e3 Nbd7 7. Qc2 h6 8. Bh4
O-O 9. Bd3 Re8 10. O-O dxc4 11. Bxc4 Nb6 12. Bb3 Nfd5 13. Bxe7 Qxe7 14. Ne4 Nd7
15. Rfd1 Rb8 16. Ng3 Nb4 17. Qd2 b6 18. Rac1 Bb7 19. a3 Na6 20. Qd3 Rbc8 21.
Bc2 Nf8 22. Ne5 c5 23. Qe2 cxd4 24. exd4 Nc7 25. Nh5 Qg5 26. g3 g6 27. Nf4 Nd5
28. Nxd5 Bxd5 29. h4 Qf6 30. Ng4 Qg7 31. Qe3 h5 32. Ne5 Red8 33. Ba4 Qf6 34.
Bb5 Qf5 35. Bf1 1/2-1/2

[Event "Landesklasse West 2012/2013"]
[Site "?"]
[Date "2012.11.04"]
[Round "2"]
[White "Fiensch, Günter"]
[Black "Pfitzenreuter, Gerald"]
[Result "1/2-1/2"]
[WhiteElo "1957"]
[BlackElo "1901"]
[PlyCount "39"]
[EventDate "2012.??.??"]
[WhiteTeam "Schachclub 1998 Gotha"]
[BlackTeam "Schachclub Rochade Leinefelde"]

1. e4 c5 2. Nf3 Nc6 3. d4 cxd4 4. Nxd4 g6 5. Nc3 Bg7 6. Be3 Nf6 7. Bc4 Qa5 8.
O-O O-O 9. Bb3 d6 10. h3 Bd7 11. Qd2 Rac8 12. Rad1 Qh5 13. f4 Na5 14. Qd3 Nxb3
15. axb3 a6 16. f5 Bh6 17. Bxh6 Qxh6 18. g4 Bc6 19. Rde1 Nd7 20. Nxc6 1/2-1/2

[Event "Landesklasse West 2012/2013"]
[Site "?"]
[Date "2012.11.04"]
[Round "2"]
[White "Müller, Sebastian"]
[Black "Sommer, Lothar"]
[Result "1-0"]
[WhiteElo "1897"]
[BlackElo "1692"]
[PlyCount "65"]
[EventDate "2012.??.??"]
[WhiteTeam "Schachclub Rochade Leinefelde"]
[BlackTeam "Schachclub 1998 Gotha"]

1. e4 e6 2. d4 d5 3. Nd2 dxe4 4. Nxe4 Nd7 5. Nf3 Ngf6 6. Nxf6+ Nxf6 7. Bd3 Be7
8. O-O O-O 9. Re1 b6 10. b3 Bb7 11. Bb2 Qd5 12. Re5 Qd8 13. c4 Bd6 14. Re1 Bb4
15. Nd2 Nd7 16. a3 Qg5 17. Ne4 Bxe4 18. Rxe4 Bd6 19. h4 Qe7 20. g3 f5 21. Re1
f4 22. Qg4 fxg3 23. fxg3 e5 24. dxe5 Bc5+ 25. Kh1 a5 26. Bf5 Rxf5 27. Qxf5 Rf8
28. Qg4 h5 29. Qg6 Rf2 30. e6 Nf6 31. Bxf6 Rxf6 32. Qg5 Bxa3 33. Rxa3 1-0

[Event "Landesklasse West 2012/2013"]
[Site "?"]
[Date "2012.11.04"]
[Round "2"]
[White "Wenke, Robert"]
[Black "Petiko, Jakob"]
[Result "1/2-1/2"]
[WhiteElo "1543"]
[BlackElo "1899"]
[PlyCount "68"]
[EventDate "2012.??.??"]
[WhiteTeam "Schachclub 1998 Gotha"]
[BlackTeam "Schachclub Rochade Leinefelde"]

1. d4 Nf6 2. c4 d6 3. Nc3 Nbd7 4. Nf3 e5 5. dxe5 dxe5 6. e3 c6 7. Be2 Be7 8.
O-O O-O 9. Qc2 Qc7 10. Rd1 a5 11. Na4 b6 12. b3 Re8 13. Bb2 e4 14. Nd4 Nc5 15.
Nc3 Bg4 16. h3 Bxe2 17. Ndxe2 Nd3 18. Ng3 Nxb2 19. Qxb2 Bd6 20. Nf5 Be5 21. Qc2
Nd7 22. Rd2 Nc5 23. Rad1 g6 24. Nd6 Bxd6 25. Rxd6 f5 26. R6d2 Nd3 27. Ne2 g5
28. Nc1 Ne5 29. Ne2 Qe7 30. Qc3 g4 31. Nf4 Qg5 32. Kh2 gxh3 33. Nxh3 Qh4 34.
Qd4 Re6 1/2-1/2